Malaysia conventions & exhibitions 2000/ 2001.
| Format: | Book |
|---|---|
| Published: |
Kuala Lumpur:
MATRADE,
2000.
|
| Subjects: |
| LEADER | 00509cam a2200145 7i4500 | ||
|---|---|---|---|
| 001 | 0000008834 | ||
| 005 | 20010309090000.0 | ||
| 090 | 0 | 0 | |a M 381.1025 |b MAL MAT 381.1025 MAL |
| 245 | 0 | 0 | |a Malaysia conventions & exhibitions 2000/ 2001. |
| 260 | 0 | 0 | |a Kuala Lumpur: |b MATRADE, |c 2000. |
| 300 | # | # | |a 47 p. |
| 650 | 0 | 0 | |a Exhibitions -- |x Directories -- |z Malaysia |
| 650 | 0 | 0 | |a Conventions -- |x Directories -- |z Malaysia |
| 651 | 0 | 0 | |a Malaysia |
| 999 | |a 0000011805 |b Directories |c MATRADEs Collection |e Business Information Centre | ||